In the society of nature : a native ecology in Amazonia

Αποθηκεύτηκε σε:
Λεπτομέρειες βιβλιογραφικής εγγραφής
Κύριος συγγραφέας: Descola, Philippe
Άλλοι συγγραφείς: Scott, Nora (Μεταφραστής)
Μορφή: Βιβλίο
Γλώσσα:English
Δημοσίευση: Cambridge : Cambridge University Press, 1994
Σειρά:Cambridge studies in social and cultural anthropology ; ; 93
Θέματα:
Ετικέτες: Προσθήκη ετικέτας
Δεν υπάρχουν, Καταχωρήστε ετικέτα πρώτοι!

MARC

LEADER 00000nam a2200000 i 4500
001 1/95665
008 941014s1994 eng d
020 |a 0-521-41103-3 
035 |l 10009827 
040 |a GR-MY-UA  |b gre  |e aacr 
041 0 |a eng 
082 0 |a 304.2089983 
100 1 |a Descola, Philippe. 
245 1 0 |a In the society of nature :  |b a native ecology in Amazonia /  |c Philippe Descola ; Translated from the french by Nora Scott 
260 |a Cambridge :   |b Cambridge University Press,   |c 1994 
300 |a 376 p.  |b tables; fig. 
490 1 |a Cambridge studies in social and cultural anthropology  |v ; 93 
504 |a Includes bibliographical references and index 
650 0 0 |a Achuar Indians  |x Agriculture. 
650 0 0 |a Achuar Indians  |x Social conditions. 
650 0 0 |a Indians of South America  |x Religion. 
650 0 0 |a Human ecology  |z Amazon River Region. 
650 0 0 |a Subsistence economy  |z Amazon River Region. 
650 0 0 |a Conservation of natural resources  |z Amazon River Region. 
700 1 |a Scott, Nora.  |4 trl 
830 0 |a Cambridge studies in social and cultural anthropology ;  |v ; 93 
852 |a INST  |b LESVOS  |e 19941014  |h 304.2089983 DES  |p 005100003102  |q 005100003102  |t BK  |y 0 
852 |a INST  |b LESVOS  |e 19970423  |h 304.2089983 DES  |p 005100011524  |q 005100011524  |t BK  |y 0 
909 |a Λ  |b 037102 
950 |a 146-1994-09-01